000 00376 a2200169 4500
001 145479
040 _cLeonardo Da Vinci
041 _aPortuguês
082 _axxxxx C882e
_bC882e
100 _aCOZZENS, Tracy
245 _aEstação do amor
260 _bNova Cultural
_c2008
_aSão Paulo
300 _a157
362 _a20080000
697 _aLiteratura
942 _cBK
999 _c145479
_d145479